Корреляционные взаимосвязи физиологических и биомеханических характеристик формирования двигательной активности каратистов; Физическая культура и спорт на современном этапе: проблемы, поиски, решения

Dettagli Bibliografici
Parent link:Физическая культура и спорт на современном этапе: проблемы, поиски, решения.— 2014.— [С. 152-157]
Autore principale: Гужов Ф. А.
Ente Autore: Национальный исследовательский Томский политехнический университет (ТПУ) Институт социально-гуманитарных технологий (ИСГТ) Кафедра физического воспитания (ФВ)
Altri autori: Бредихина Ю. П. Юлия Петровна
Riassunto:Заглавие с титульного экрана
Lingua:russo
Pubblicazione: 2014
Serie:Медико-биологические аспекты физической культуры и спортивной тренировки
Soggetti:
Accesso online:http://earchive.tpu.ru/handle/11683/22009
Natura: Elettronico Capitolo di libro
KOHA link:https://koha.lib.tpu.ru/cgi-bin/koha/opac-detail.pl?biblionumber=617770

MARC

LEADER 00000naa2a2200000 4500
001 617770
005 20240125092917.0
035 |a (RuTPU)RU\TPU\conf\16090 
035 |a RU\TPU\conf\16087 
090 |a 617770 
100 |a 20160330d2014 k y0rusy50 ca 
101 0 |a rus 
102 |a RU 
105 |a y z 101zy 
135 |a drgn ---uucaa 
181 0 |a i  
182 0 |a b 
200 1 |a Корреляционные взаимосвязи физиологических и биомеханических характеристик формирования двигательной активности каратистов  |f Ф. А. Гужов, Ю. П. Бредихина 
203 |a Текст  |c электронный 
225 1 |a Медико-биологические аспекты физической культуры и спортивной тренировки 
300 |a Заглавие с титульного экрана 
320 |a [Библиогр.: с. 156 (6 назв.)] 
337 |a Adobe Reader 
463 0 |0 (RuTPU)RU\TPU\conf\16073  |t Физическая культура и спорт на современном этапе: проблемы, поиски, решения  |o материалы межрегиональной научно-практической конференции, Томск, 19 декабря 2014 г.  |f Национальный исследовательский Томский политехнический университет (ТПУ), Институт социально-гуманитарных технологий (ИСГТ), Кафедра спортивных дисциплин (СД)  |v [С. 152-157]  |d 2014 
610 1 |a труды учёных ТПУ 
610 1 |a электронный ресурс 
610 1 |a корреляционные взаимосвязи 
610 1 |a физиологические характеристики 
610 1 |a биомеханические характеристики 
610 1 |a двигательная активность 
610 1 |a каратэ 
610 1 |a каратисты 
610 1 |a удары 
610 1 |a спортсмены 
700 1 |a Гужов  |b Ф. А. 
701 1 |a Бредихина  |b Ю. П.  |c специалист в области физической культуры и спорта  |c доцент Томского политехнического университета, кандидат медицинских наук  |f 1983-  |g Юлия Петровна  |3 (RuTPU)RU\TPU\pers\32394  |9 16345 
712 0 2 |a Национальный исследовательский Томский политехнический университет (ТПУ)  |b Институт социально-гуманитарных технологий (ИСГТ)  |b Кафедра физического воспитания (ФВ)  |3 (RuTPU)RU\TPU\col\18904 
801 2 |a RU  |b 63413507  |c 20160510  |g RCR 
856 4 |u http://earchive.tpu.ru/handle/11683/22009 
942 |c BK